000 00959cam a2200361 4500500
005 20260329003448.0
041 _afre
042 _adc
100 1 0 _aDuru, Martin
_eauthor
245 0 0 _aUne passion américaine
260 _c2015.
500 _a91
690 _aAlan Greenspan
690 _aAngelina Jolie
690 _aAyn Rand
690 _aBarack Obama
690 _aCinéma
690 _aDirty Dancing
690 _aDivertissement
690 _aEntertainment
690 _aÉtats-Unis
690 _aHillary Clinton
690 _aHollywood
690 _aJimmy Wales
690 _aLa Grève
690 _aMartina NAvratilova
690 _aObjectivisme
690 _aPolitique
690 _aSimpsons
690 _aSport
786 0 _nPhilosophie magazine | 94 | 11 | 2015-11-01 | p. 49-49 | 1951-1787
856 4 1 _uhttps://shs.cairn.info/magazine-philosophie-magazine-2015-11-page-49?lang=fr&redirect-ssocas=7080
999 _c1824816
_d1824816